000 00753nam a2200265Ia 4500
001 Para_1492
003 CHAP
008 220125s1994 xx 000 0 und d
010 _a198734
040 _cCHAP
082 _aPA 632.952 Y3
100 _aYagüe González, Juan I.
_9122943
245 _aGuía práctica de fungicidas y otros protectores /
_c por Juan I. Yagüe González e Ignacio Tylko Bolivar
260 _aMéxico, D.F. :
_b Mundiprensa
300 _a317 p.
650 _aFungicidas
_944044
700 _aTylko Bolivar, Ignacio
_9164032
901 _aPA 632.952 Y3
902 _aA
905 _a0000001994 an 0000000000 00
910 _a1994
942 _cPARA
942 _cPARA
_d1
999 _c198734
_d198734